000
00304nam a2200121 a 4500
008
100922s1988|||| d
245
1
0
_a
Obraz Martina Blaskowitza
100
1
_a
Mundstock, Theodor
260
_b
Slovenský spisovateľ
_a
Bratislava
_c
1988
020
_c
21
044
_a
xo
_c
SK
041
_a
slo
999
_c
10583
_d
10583